ARRUPE JESUIT UNIVERSITY

CORONAVIRUS -STOP THE SPREAD - CLEAN,DISINFECT,COVER

Merleau-Ponty's ontology / (Record no. 124196)

MARC details
000 -LEADER
fixed length control field 01247pam a2200313 a 4500
001 - CONTROL NUMBER
control field 710104
003 - CONTROL NUMBER IDENTIFIER
control field ARRUPE
005 - DATE AND TIME OF LATEST TRANSACTION
control field 20160216112003.0
008 - FIXED-LENGTH DATA ELEMENTS--GENERAL INFORMATION
fixed length control field 970905s1997 ilu b 001 0 eng
010 ## - LIBRARY OF CONGRESS CONTROL NUMBER
LC control number 97035618
020 ## - INTERNATIONAL STANDARD BOOK NUMBER
International Standard Book Number 081011528X (alk. paper)
040 ## - CATALOGING SOURCE
Original cataloging agency DLC
Transcribing agency DLC
Modifying agency DLC
050 00 - LIBRARY OF CONGRESS CALL NUMBER
Classification number B2430.M3764
Item number D55 1997
082 00 - DEWEY DECIMAL CLASSIFICATION NUMBER
Classification number 111/.092
Edition number 21
300 ## - PHYSICAL DESCRIPTION
Dimensions 23 cm.
100 1# - MAIN ENTRY--PERSONAL NAME
Personal name Dillon, M. C.
Fuller form of name (Martin C.),
Dates associated with a name 1938-2005.
9 (RLIN) 22363
245 10 - TITLE STATEMENT
Title Merleau-Ponty's ontology /
Statement of responsibility, etc M.C. Dillon.
250 ## - EDITION STATEMENT
Edition statement 2nd ed.
260 ## - PUBLICATION, DISTRIBUTION, ETC. (IMPRINT)
Place of publication, distribution, etc Evanston, Ill. :
Name of publisher, distributor, etc Northwestern University Press,
Date of publication, distribution, etc 1997.
300 ## - PHYSICAL DESCRIPTION
Extent xix, 306 p. ;
490 1# - SERIES STATEMENT
Series statement Northwestern University studies in phenomenology and existential philosophy
504 ## - BIBLIOGRAPHY, ETC. NOTE
Bibliography, etc Includes bibliographical references (p. [259]-299) and indexes.
600 10 - SUBJECT ADDED ENTRY--PERSONAL NAME
Personal name Merleau-Ponty, Maurice,
Dates associated with a name 1908-1961.
General subdivision Contributions in ontology
9 (RLIN) 22364
650 #0 - SUBJECT ADDED ENTRY--TOPICAL TERM
Topical term or geographic name as entry element Ontology
General subdivision History
Chronological subdivision 20th century.
9 (RLIN) 20222
650 #0 - SUBJECT ADDED ENTRY--TOPICAL TERM
Topical term or geographic name as entry element Philosophy, Modern.
9 (RLIN) 22365
830 #0 - SERIES ADDED ENTRY--UNIFORM TITLE
Uniform title Northwestern University studies in phenomenology & existential philosophy.
9 (RLIN) 22366
906 ## - LOCAL DATA ELEMENT F, LDF (RLIN)
a 7
b cbu
c orignew
d 1
e ocip
f 19
g y-gencatlg
942 ## - ADDED ENTRY ELEMENTS (KOHA)
Source of classification or shelving scheme Library of Congress Classification
Koha item type Monograph ( Printed materials)
Holdings
Withdrawn status Lost status Source of classification or shelving scheme Damaged status Not for loan Collection code Home library Current library Shelving location Date acquired Total Checkouts Full call number Barcode Date last seen Date checked out Price effective from Koha item type
    Library of Congress Classification     Main Collection ARRUPE LIBRARY ARRUPE LIBRARY Main Collection 16/02/2016 1 B2430.M3764 D55 1997 46500006240 19/04/2016 21/03/2016 16/02/2016 Monograph ( Printed materials)

 

Arrupe Library. PO Box MP320 Mt Pleasant, Harare, Zimbabwe
263 242 745411|librarian@aju.ac.zw